| 000 | 00000nam##2200000za#4500 |
| 001 | 9.578405 |
| 003 | CaOODSP |
| 005 | 20210624190055 |
| 007 | cr ||||||||||| |
| 008 | 150406|1987||||xxc|||||o f|0| 0 eng|d |
| 022 | |a1488-5379 |
| 040 | |aCaOODSP|beng |
| 043 | |an-cn--- |
| 086 | 1 |aFs97-6/1511E-PDF |
| 110 | 1 |aCanada. |bDepartment of Fisheries and Oceans. |
| 245 | 14|aThe response of adult sockeye salmon (Oncorhynchus nerka) to a commercial purse seine / |h[electronic resource]|cby T.P. Quinn, K.D. Cooke, and G. Ellis. |
| 260 | |aNanaimo - British Columbia : |bFisheries and Oceans Canada |c1986. |
| 300 | |a17p.|breferences |
| 490 | 1 |aCanadian technical report of fisheries and aquatic sciences|x1488-5379|vNo. 1511 |
| 500 | |aOn t.p.: Pacific Biological Station, Nanaimo, British Columbia. The catalogue number and ISSN for the print edition appear in the PDF version. |
| 546 | |a(Résumé en français) |
| 590 | |a14-02-Supp|b2014-01-08 |
| 720 | 1 |aCooke, K. |
| 720 | 1 |aQuinn, T. P. |
| 720 | 1 |aEllis, G. |
| 830 | #0|aCanadian technical report of fisheries and aquatic sciences,|x1488-5379|vNo. 1511|w(CaOODSP)9.504449 |
| 856 | 40|ahttp://publications.gc.ca|qPDF|s3017 KB|uhttps://publications.gc.ca/collections/collection_2013/mpo-dfo/Fs97-6-1511-eng.pdf|yNo. 1511 |